Contrato y sistema en América Latina.
שמור ב:
| מחבר ראשי: | |
|---|---|
| פורמט: | ספר |
| שפה: | ספרדית |
| יצא לאור: |
Santa Fe, Argentina:
Rubinzal - Culzoni,
2006.
|
| מהדורה: | 1a. ed. |
| סדרה: | Roma e America Monografie, 2.
|
| נושאים: | |
| תגים: |
הוספת תג
אין תגיות, היה/י הראשונ/ה לתייג את הרשומה!
|
MARC
| LEADER | 00000nam a2200000 a 4500 | ||
|---|---|---|---|
| 001 | UCI5216 | ||
| 003 | CL-VaPUC | ||
| 005 | 20220822114357.0 | ||
| 008 | 080314e20060000AG |||||||||||||||||spa|d | ||
| 999 | |c 328979 |d 328977 | ||
| 020 | |a 978-950-727-779-5 | ||
| 040 | |c Pontificia Universidad Católica de Valparaíso | ||
| 082 | 0 | 4 | |a 340.2 ESB 2006 |2 21 |
| 100 | 0 | |a Esborraz, David Fabio |e autor |9 527389 | |
| 245 | 1 | 0 | |a Contrato y sistema en América Latina. |
| 250 | |a 1a. ed. | ||
| 260 | |a Santa Fe, Argentina: |b Rubinzal - Culzoni, |c 2006. | ||
| 300 | |a 310 páginas. | ||
| 490 | 0 | |a Roma e America Monografie, 2. | |
| 500 | |a c.2 Donación Familia Prof. Alejandro Guzmán Brito. | ||
| 583 | |a last modification |c 20080314 00:00:00 |k Rodrigo Vera | ||
| 650 | 0 | |a Derecho comparado |9 255664 | |
| 650 | 0 | |a Derecho civil |9 255013 | |
| 650 | 0 | |a Contratos |9 255153 | |
| 650 | 0 | |a Sistema jurídico |2 CL-VaPUC |9 336756 | |
| 651 | 0 | |a América Latina |9 255027 |z América latina | |
| 942 | |c BK |2 ddc |n 0 | ||
| 945 | |d 20080314 00:00:00 |a jtorresc | ||
| 952 | |0 0 |1 0 |4 0 |6 340_200000000000000_ESB_2006 |7 0 |8 A |9 413208 |a BIBDER |b BIBDER |d 2019-11-22 |i 4415787 |o 340.2 ESB 2006 |p 4415787 |r 2023-01-25 |w 2019-11-22 |y BK |k DER | ||
| 952 | |0 0 |1 0 |2 ddc |4 0 |6 340_200000000000000_ESB_2006 |7 1 |8 C_AGB |9 579635 |a BIBDER |b BIBDER |d 2021-12-17 |e Donación |i 5629527 |o 340.2 ESB 2006 |p 5629527 |r 2023-01-25 |t 2 |w 2021-12-17 |y BK_US |k AGB | ||